000
00243nam a2200109 4500
082
_a
297KHA
100
_a
Khan, Anwar
245
_a
Islamic Realism and 21st Century:
260
_a
Islamabad:
_b
Haq Trust,
_c
1991.
300
_a
226p. ;
942
_c
BK
999
_c
9437
_d
9437